<?xml version="1.0" encoding="UTF-8"?>
<marc:record xmlns:marc="http://www.loc.gov/MARC21/slim">
   <marc:leader>00000nam a2200000 a 4500</marc:leader>
   <marc:datafield ind1="1" ind2=" " tag="100">
      <marc:subfield code="a">Nerdinger, Winfried</marc:subfield>
      <marc:subfield code="4">edt</marc:subfield>
      <marc:subfield code="e">Bearbeiter/-in</marc:subfield>
   </marc:datafield>
   <marc:datafield ind1=" " ind2=" " tag="653">
      <marc:subfield code="a">Geschichte</marc:subfield>
   </marc:datafield>
   <marc:datafield ind1=" " ind2=" " tag="653">
      <marc:subfield code="a">Bibliotheksbau</marc:subfield>
   </marc:datafield>
   <marc:datafield ind1=" " ind2=" " tag="653">
      <marc:subfield code="a">Bibliotheksplanung</marc:subfield>
   </marc:datafield>
   <marc:datafield ind1=" " ind2=" " tag="653">
      <marc:subfield code="a">Bibliothekseinrichtung</marc:subfield>
   </marc:datafield>
   <marc:datafield ind1=" " ind2=" " tag="653">
      <marc:subfield code="a">Aufsatzsammlung</marc:subfield>
   </marc:datafield>
   <marc:datafield ind1="0" ind2="0" tag="245">
      <marc:subfield code="a">Die Weisheit baut sich ein Haus</marc:subfield>
   </marc:datafield>
   <marc:datafield ind1="0" ind2="0" tag="245">
      <marc:subfield code="b">Architektur und Geschichte von Bibliotheken ; [anlässlich der Ausstellung Die Weisheit baut sich ein Haus, Architektur und Geschichte von Bibliotheken im Architekturmuseum der TU München, in der Pinakothek der Moderne München, 14. Juli - 16. Oktober 2011</marc:subfield>
   </marc:datafield>
   <marc:datafield ind1="0" ind2="0" tag="245">
      <marc:subfield code="c">hrsg. von Winfried Nerdinger in Zusammenarbeit mit Werner Oechslin ... Architekturmuseum der Technischen Universität München. [Ein Projekt des Architekturmuseums der TU München in Kooperation mit der Stiftung Bibliothek Werner Oechslin, Einsiedeln</marc:subfield>
   </marc:datafield>
   <marc:datafield ind1=" " ind2="1" tag="264">
      <marc:subfield code="a">München</marc:subfield>
      <marc:subfield code="b">Prestel</marc:subfield>
      <marc:subfield code="c">2011</marc:subfield>
   </marc:datafield>
   <marc:datafield ind1="1" ind2=" " tag="520">
      <marc:subfield code="a">Angaben aus der Verlagsmeldung

Die Weisheit baut sich ein Haus : Architektur und Geschichte von Bibliotheken

Bibliotheken im geistes- und architekturgeschichtlichen Überblick

Bibliotheken sind Speicher des Wissens. Sie bewahren seit der Antike das kulturelle Gedächtnis und gehören damit zu den ältesten Bauaufgaben. Die bedeutendsten Architekten befassten sich mit dem Bau von Bibliotheken, die deshalb nicht nur in der Geistes-, sondern auch der Architekturgeschichte eine herausragende Rolle spielen.

15 Aufsätze geben Einblicke in die vielfältigen Facetten des Themas – von den verschiedenen Ordnungen des Wissens über Kloster-, Fürsten- und Universitätsbibliotheken bis hin zu Idealprojekten und den „Buchhäusern“ in Literatur und Film. Der Bogen der behandelten Bauten spannt sich von Michelangelos „Biblioteca Laurenziana“ über Boullées „bibliothèque royale“ bis zur Sendai Mediathek von Toyo Ito und Max Dudlers „Jacob-und-Wilhelm-Grimm-Zentrum“.

</marc:subfield>
   </marc:datafield>
   <marc:datafield ind1=" " ind2=" " tag="020">
      <marc:subfield code="a">9783791351674</marc:subfield>
      <marc:subfield code="9">9783791351674</marc:subfield>
   </marc:datafield>
   <marc:datafield ind1=" " ind2=" " tag="041">
      <marc:subfield code="a">ger</marc:subfield>
   </marc:datafield>
   <marc:datafield ind1=" " ind2=" " tag="300">
      <marc:subfield code="a">415 S.</marc:subfield>
   </marc:datafield>
</marc:record>
